| 000 | 01315cac a2200349 i 4500 | ||
|---|---|---|---|
| 003 | EG-GICUC | ||
| 005 | 20260121101545.0 | ||
| 008 | 980506s1999 enka frb 001 0 eng d | ||
| 020 |
_a0521621259 _qhardback |
||
| 020 |
_a9780521621250 _q(hardback) |
||
| 040 |
_aDLC _cDLC _dDLC _dEG-GICUC _beng _erda |
||
| 050 | 0 | 0 |
_aHV6025 _b.F46 1999 |
| 082 | 0 | 0 |
_a343.6 _221 |
| 092 | 0 | 4 | _221 |
| 099 | _aLaw 10 1999 | ||
| 100 | 1 | _aFindlay, Mark. | |
| 245 | 1 | 4 |
_aThe globalisation of crime : _bunderstanding transitional relationships in context / _cMark Findlay. |
| 264 |
_aCambridge ; _aNew York : _bCambridge University Press, _c1999. |
||
| 300 |
_ax, 243 p age : _billustrations ; _c24 cm. |
||
| 336 |
_atext _btxt _2rdacontent |
||
| 337 |
_aunmediated _bn _2rdamedia |
||
| 338 |
_avolume _bnc _2rdacarrier |
||
| 504 | _aIncludes bibliographical references (p. 226-235) and index. | ||
| 650 | 0 | _aCriminology. | |
| 650 | 0 | _aSocial change. | |
| 856 | 4 | 1 | _uhttps://fll.law.cu.edu.eg/fulltext/bks/ENGB10-00108.pdf |
| 856 | 4 | 1 |
_3Sample text _uhttp://www.loc.gov/catdir/samples/cam032/98024884.html |
| 856 | 4 | 2 |
_3Publisher description _uhttp://www.loc.gov/catdir/description/cam029/98024884.html |
| 856 | 4 | 1 |
_3Table of contents _uhttp://www.loc.gov/catdir/toc/cam021/98024884.html |
| 905 | _a10 | ||
| 942 |
_2ddc _cBK _e21 _n0 |
||
| 999 |
_c52954 _d52954 |
||